Länder der Welt nach Umriss - Statistiken

Allgemein
  • Dieses Quiz wurde 32.669 mal gespielt
  • Das Durchschnittsergebnis liegt bei 67 aus 196
Antwortstatistiken
Bildquiz Antwort % Korrekt
Vereinigte Staaten
96%
Kanada
92%
Frankreich
91%
Australien
89%
Italien
89%
Norwegen
89%
Japan
88%
Vereinigtes Königreich
86%
Griechenland
85%
Chile
82%
China
81%
Deutschland
80%
Island
80%
Indonesien
78%
Indien
76%
Kroatien
74%
Russland
73%
Spanien
71%
Türkei
69%
Österreich
68%
Philippinen
68%
Vietnam
68%
Dänemark
67%
Neuseeland
67%
Kuba
65%
Mexiko
65%
Zypern
65%
Thailand
64%
Portugal
63%
Schweiz
58%
Schweden
56%
Südafrika
55%
Argentinien
53%
Brasilien
53%
Laos
53%
Ukraine
53%
Myanmar
52%
Somalia
52%
Israel
51%
Niederlande
50%
Ägypten
49%
Irland
48%
Marokko
48%
Finnland
46%
Kasachstan
46%
Papua-Neuguinea
46%
Senegal
46%
Gambia
45%
Bangladesch
44%
Mali
44%
Nepal
44%
Malaysia
43%
Estland
42%
Pakistan
42%
Panama
42%
Namibia
41%
Malediven
40%
Usbekistan
40%
Benin
39%
Tschechien
39%
Haiti
38%
Kosovo
38%
Madagaskar
38%
Eritrea
37%
Taiwan
37%
Bosnien und Herzegowina
36%
Nordkorea
36%
Iran
35%
Malta
35%
Mosambik
35%
Polen
35%
Venezuela
35%
Demokratische Republik Kongo
34%
Mongolei
34%
Serbien
34%
Südkorea
34%
Vereinigte Arabische Emirate
34%
Afghanistan
33%
Peru
33%
Sri Lanka
33%
Monaco
32%
Sambia
32%
Belgien
31%
Kamerun
31%
Mauretanien
31%
Moldawien
31%
Rumänien
31%
Slowakei
31%
Albanien
29%
Angola
29%
Aserbaidschan
29%
Jamaika
29%
Lettland
29%
Vatikanstadt
29%
Bahamas
28%
Kolumbien
28%
Malawi
28%
Oman
28%
Tschad
28%
Belarus
27%
Bulgarien
27%
Sudan
27%
Tadschikistan
27%
Togo
27%
Algerien
26%
Ecuador
26%
Kirgisistan
26%
Libyen
26%
Turkmenistan
26%
Ungarn
26%
Äthiopien
25%
Costa Rica
25%
Elfenbeinküste
25%
Irak
25%
Luxemburg
25%
Syrien
25%
Tunesien
25%
Jemen
24%
Gabun
23%
Jordanien
23%
Nicaragua
23%
Republik Kongo
23%
Singapur
23%
Liechtenstein
22%
Montenegro
22%
Niger
22%
Slowenien
22%
Guinea
21%
Kap Verde
21%
Kuwait
21%
Paraguay
21%
Äquatorial-Guinea
20%
Burkina Faso
20%
Litauen
20%
Osttimor
20%
Saudi-Arabien
20%
Trinidad und Tobago
20%
Georgien
19%
Ghana
19%
St. Kitts und Nevis
19%
Armenien
18%
Liberia
18%
Zentralafrikanische Republik
18%
Belize
17%
Bolivien
17%
Brunei
17%
Guatemala
17%
Guinea-Bissau
17%
Guyana
17%
Antigua und Barbuda
16%
Honduras
16%
Nauru
16%
Südsudan
16%
Tansania
16%
Fidschi
15%
Kenia
15%
Nigeria
15%
Nordmazedonien
15%
Dschibuti
14%
El Salvador
14%
Föderierte Staaten von Mikronesien
14%
Kambodscha
14%
Komoren
14%
Libanon
14%
Salomonen
14%
São Tomé und Príncipe
14%
Seychellen
14%
Bahrain
13%
Botswana
13%
Burundi
13%
Katar
13%
Simbabwe
13%
Dominikanische Republik
12%
Kiribati
12%
Marshallinseln
12%
San Marino
12%
St. Lucia
12%
Uganda
12%
Vanuatu
12%
Grenada
11%
Samoa
11%
Sierra Leone
11%
Andorra
10%
Eswatini
10%
Suriname
10%
Tonga
10%
Tuvalu
10%
Uruguay
10%
Barbados
9%
Bhutan
9%
Dominica
9%
Lesotho
9%
Mauritius
9%
Palau
9%
Ruanda
9%
St. Vincent und die Grenadinen
9%
Keine übereinstimmenden Quizze gefunden
Verteilung der Resultate
Anzahl Personen mit jedem Resultat
Perzentil nach korrekt beantworteten Fragen
Ihre Resultats-Entwicklung
Sie haben dieses Quiz noch nicht gespielt